000 00308nam a22001337a 4500
008 170616b xxu||||| |||| 00| 0 eng d
020 _a33864
041 _aeng
080 _a32
100 _a20
101 _aSHP
245 _aMONETARY AND FISCAL POLICY IN A GROWING ECONOMY
_cFOLEY, D.K
942 _2udc
_cBK
999 _c17749
_d17749